Sporcle Acrostic Puzzle Quiz Stats

 Plays Quiz Updated Jul 5, 2018

Score 0/200 Timer 08:00
9 Plays Today
% Correct
U
88.8%
U
88.8%
S
88.4%
S
88.4%
S
88.4%
S
88.4%
E
88.2%
E
88.2%
S
88.2%
S
88.2%
N
88.2%
N
88.2%
T
88.1%
T
88.1%
T
73.6%
T
73.6%
L
73.3%
L
73.3%
I
73.2%
I
73.2%
N
73.2%
N
73.2%
O
72.8%
O
72.8%
O
72.8%
O
72.8%
O
70.9%
O
70.9%
I
68.3%
I
68.3%
Y
67.9%
Y
67.9%
T
67.9%
T
67.9%
E
67.8%
E
67.8%
I
67.6%
I
67.6%
N
67.6%
N
67.6%
T
67.6%
T
67.6%
M
67.4%
M
67.4%
N
67.4%
N
67.4%
A
66.8%
A
66.8%
U
66.8%
U
66.8%
L
66.4%
L
66.4%
N
66.3%
N
66.3%
P
66.3%
P
66.3%
A
66.1%
A
66.1%
O
65.6%
O
65.6%
S
65.6%
S
65.6%
I
65.4%
I
65.4%
G
65.4%
G
65.4%
U
65.2%
% Correct
U
65.2%
R
64.6%
R
64.6%
W
64.4%
W
64.4%
N
63.5%
N
63.5%
C
62.8%
C
62.8%
R
62.4%
R
62.4%
E
62.2%
E
62.2%
Y
62%
Y
62%
M
61.7%
M
61.7%
E
61.6%
E
61.6%
H
61.6%
H
61.6%
A
60.8%
A
60.8%
T
60.8%
T
60.8%
N
60.2%
N
60.2%
E
60%
E
60%
O
60%
O
60%
N
59.7%
N
59.7%
V
59.5%
V
59.5%
I
59.5%
I
59.5%
O
58.3%
O
58.3%
T
57.5%
T
57.5%
G
57.5%
G
57.5%
E
57.5%
E
57.5%
I
56.2%
I
56.2%
E
56.1%
E
56.1%
N
55.9%
N
55.9%
L
55.9%
L
55.9%
E
55.5%
E
55.5%
N
55.5%
N
55.5%
G
55.2%
G
55.2%
T
54.8%
T
54.8%
I
54.6%
I
54.6%
G
54.6%
G
54.6%
T
54.5%
T
54.5%
% Correct
M
54.5%
M
54.5%
O
54.5%
O
54.5%
E
54.3%
E
54.3%
R
54.2%
R
54.2%
S
54.2%
S
54.2%
Y
54.1%
Y
54.1%
Y
53.6%
Y
53.6%
E
53.5%
E
53.5%
T
53.3%
T
53.3%
I
53.1%
I
53.1%
T
52.7%
T
52.7%
I
51.7%
I
51.7%
L
51.5%
L
51.5%
N
51.1%
N
51.1%
N
51%
N
51%
A
50.8%
A
50.8%
R
50.2%
R
50.2%
Y
49.6%
Y
49.6%
M
49.5%
M
49.5%
I
49.5%
I
49.5%
E
48.8%
E
48.8%
T
48.4%
T
48.4%
N
47.3%
N
47.3%
J
47.1%
J
47.1%
A
46%
A
46%
I
45.5%
I
45.5%
G
45.4%
G
45.4%
I
44.1%
I
44.1%
D
43.7%
D
43.7%
S
43.1%
S
43.1%
R
42.6%
R
42.6%
V
42.1%
V
42.1%
A
41.7%
A
41.7%

You're not logged in!

Compare scores with friends on all Sporcle quizzes.
OR
Log In

You Might Also Like...

Show Comments

Extras

Top Quizzes Today


Score Distribution

Your Account Isn't Verified!

In order to create a playlist on Sporcle, you need to verify the email address you used during registration. Go to your Sporcle Settings to finish the process.

Report this User

Report this user for behavior that violates our Community Guidelines.

Details: